contribution to the establishment of mathematical model of stand volume table for commercial trees species in koh kong province, the coastal forest zone (វិភាគទាននៃការកសាងគំរូគណិតតារាងមាឌឈើឈរសំរាប់ប្រភេទឈើពាណិជ្ជកម្មក្នុងសារព័ន្ធព្រៃខេត្តកោះកុង ភូមិភាគព្រៃឈើឈូងសមុទ្រ) (Record no. 3159)
[ view plain ]
| 000 -LEADER | |
|---|---|
| fixed length control field | 00856nam a22001577a 4500 |
| 003 - CONTROL NUMBER IDENTIFIER | |
| control field | OSt |
| 005 - DATE AND TIME OF LATEST TRANSACTION | |
| control field | 20151105110034.0 |
| 008 - FIXED-LENGTH DATA ELEMENTS--GENERAL INFORMATION | |
| fixed length control field | 151105b xxu||||| |||| 00| 0 eng d |
| 040 ## - CATALOGING SOURCE | |
| Transcribing agency | RUA |
| 082 ## - DEWEY DECIMAL CLASSIFICATION NUMBER | |
| Classification number | FOR CHH 1997 B124 Or.1 |
| 100 ## - MAIN ENTRY--PERSONAL NAME | |
| 9 (RLIN) | 3386 |
| Personal name | CHHUM, SAMNANG. |
| 245 ## - TITLE STATEMENT | |
| Title | contribution to the establishment of mathematical model of stand volume table for commercial trees species in koh kong province, the coastal forest zone (វិភាគទាននៃការកសាងគំរូគណិតតារាងមាឌឈើឈរសំរាប់ប្រភេទឈើពាណិជ្ជកម្មក្នុងសារព័ន្ធព្រៃខេត្តកោះកុង ភូមិភាគព្រៃឈើឈូងសមុទ្រ) |
| 260 ## - PUBLICATION, DISTRIBUTION, ETC. (IMPRINT) | |
| Place of publication, distribution, etc. | Phnom Penh |
| Name of publisher, distributor, etc. | RUA |
| Date of publication, distribution, etc. | 1997 |
| 300 ## - PHYSICAL DESCRIPTION | |
| Extent | 125p. |
| Other physical details | ill. |
| Dimensions | 29cm. |
| 942 ## - ADDED ENTRY ELEMENTS (KOHA) | |
| Source of classification or shelving scheme | |
| Koha item type | FOR |
| Price effective from | Date last seen | Permanent Location | Not for loan | Date acquired | Source of classification or shelving scheme | Koha item type | Barcode | Lost status | Damaged status | Shelving location | Withdrawn status | Current Location | Full call number |
|---|---|---|---|---|---|---|---|---|---|---|---|---|---|
| 2015-11-05 | 2015-11-05 | Library Block B | 2015-11-05 | FOR | RUA010983 | B124 | Library Block B | FOR CHH 1997 B124 Or.1 | |||||
| 2015-11-05 | 2015-11-05 | Library Block B | 2015-11-05 | FOR | RUA010862 | B124 | Library Block B | FOR CHH 1997 B124 Or.2 | |||||
| 2015-11-05 | 2015-11-05 | Library Block B | 2015-11-05 | FOR | RUA010795 | B124 | Library Block B | FOR CHH 1997 B124 Or.3 | |||||
| 2015-11-05 | 2015-11-05 | Library Block B | 2015-11-05 | FOR | RUA026027 | B124 | Library Block B | FOR CHH 1997 B124 Or.4 | |||||
| 2015-11-05 | 2015-11-05 | Library Block B | 2015-11-05 | FOR | RUA010771 | B124 | Library Block B | FOR CHH 1997 B124 Or.5 | |||||
| 2015-11-05 | 2015-11-05 | Library Block B | 2015-11-05 | FOR | RUA010695 | B124 | Library Block B | FOR CHH 1997 B124 Or.6 |